Väter und Söhne im Profifußball - Statistiken

Allgemein
  • Dieses Quiz wurde 169 mal gespielt
  • Das Durchschnittsergebnis liegt bei 7 aus 15
Antwortstatistiken
Nationalität Vater und Sohn % Korrekt
Norwegen Alf-Inge Haaland und Erling Haaland
82%
Dänemark Peter Schmeichel und Kasper Schmeichel
77%
Italien Cesare Maldini und Paolo Maldini
71%
Liberia / Vereinigte Staaten George Weah und Timothy Weah
71%
Italien Paolo Maldini und Daniel Maldini
71%
Frankreich Lilian Thuram und Marcus Thuram
62%
Rumänien Gheorghe Hagi und Ianis Hagi
57%
Frankreich Zinedine Zidane und Luca Zidane
50%
Niederlande Patrick Kluivert und Justin Kluivert
46%
Schweden Henrik Larsson und Jordan Larsson
34%
Niederlande Danny Blind und Daley Blind
15%
Argentinien Diego Simeone und Giovanni Simeone
13%
Italien Enrico Chiesa und Federico Chiesa
8%
Vereinigtes Königreich Ian Wright und Shaun Wright-Phillips
2%
Serbien Dejan Stanković und Filip Stanković
1%
Keine übereinstimmenden Quizze gefunden
Verteilung der Resultate
Anzahl Personen mit jedem Resultat
Perzentil nach korrekt beantworteten Fragen
Ihre Resultats-Entwicklung
Sie haben dieses Quiz noch nicht gespielt